Flagi Krajów Nazwa Których Zaczyna się na A - Statystyki

Ogólne statystyki
  • Ten quiz został rozwiązany 30 razy
  • Średni wynik to 10 z 12
Statystyki odpowiedzi
Obrazkowy Odpowiedź % Poprawnych
Andora
96%
Arabia Saudyjska
96%
Albania
93%
Algieria
89%
Argentyna
85%
Armenia
85%
Australia
85%
Austria
85%
Azerbejdżan
81%
Angola
78%
Antigua i Barbuda
67%
Afganistan
56%
Nie znaleziono quizów pasujących do podanych kryteriów
Rozkład punktacji
Procent ludzi z każdym wynikiem
Percentyl według liczby udzielonych odpowiedzi
Twoja historia wyników
Nie rozwiązałeś tego quizu